[Event "39th Giorgi Tringov"]
[Site "Plovdiv BUL"]
[Date "2007.02.05"]
[Round "1"]
[White "Janev,E"]
[Black "Stanoev,A"]
[Result "1-0"]
[WhiteElo "2456"]
[BlackElo "1948"]

1.e4 c5 2.Nf3 d6 3.d4 cxd4 4.Nxd4 Nf6 5.Nc3 a6 6.g3 e6 7.Bg2 Be7 8.O-O O-O
9.a4 Qc7 10.g4 Nc6 11.Nb3 b6 12.f4 Bb7 13.g5 Nd7 14.Rf3 Rfe8 15.Rh3 g6 16.Be3 Bf8
17.Qd2 Nb4 18.a5 Rab8 19.axb6 Nxb6 20.Na5 Ba8 21.Rd1 d5 22.Qf2 Nc4 23.Nxc4 dxc4
24.Bd4 h5 25.gxh6 Kh7 26.f5 exf5 27.exf5 Bxg2 28.fxg6+ fxg6 29.Qxg2 Bc5 30.Ne4 Bxd4+
31.Rxd4 Rxe4 32.Qxe4 Rf8 33.Qe6 Kh8 34.Rxc4 Qa7+ 35.Qe3 Qf7 36.Qe5+ Kg8 37.h7+  1-0

[Event "JAPFA Match"]
[Site "Jakarta INA"]
[Date "2007.02.07"]
[Round "1"]
[White "Zhang Zhong"]
[Black "Megaranto,S"]
[Result "0-1"]
[WhiteElo "2618"]
[BlackElo "2517"]

1.e4 c5 2.Nf3 d6 3.d4 cxd4 4.Nxd4 Nf6 5.Nc3 a6 6.g3 e5 7.Nb3 Be6 8.Bg2 Be7
9.O-O Nbd7 10.a4 b6 11.Re1 O-O 12.Nd2 Rb8 13.Nf1 b5 14.axb5 axb5 15.Ne3 Qc7
16.Qe2 b4 17.Ncd5 Bxd5 18.exd5 b3 19.c3 Ra8 20.Bd2 Rfb8 21.Ra6 Rxa6 22.Qxa6 Nc5
23.Qc6 Qd8 24.Ra1 Rc8 25.Qb5 Ra8 26.Rd1 g6 27.Qe2 Ra2 28.Nc4 Qc8 29.Bg5 Qa6
30.Bf1 Nce4 31.Bxf6 Nxf6 32.Qd3 Qa7 33.Rb1 Nd7 34.Nd2 Nc5 35.Qe3 Ra1 36.Rxa1 Qxa1
37.Nc4 Qd1 38.Qd2 Qc2 39.Be2 Kg7 40.Bd1 Qb1 41.Qe2 f5 42.Kg2 h5 43.h4 Qa1
44.Kh2 Kf7 45.Kg2 Qa8 46.Qd2 Ne4 47.Qd3 Nc5 48.Qd2 Qa4 49.Be2 Qa1 50.Qh6 Qa8
51.Qd2 Bf8 52.Na3 Ne4 53.Qe3 Nc5 54.c4 Qa5 55.Bd1 Qb4 56.Kf1 e4 57.Qe1 Qxe1+
58.Kxe1 Bg7 59.Nb5 Ke7 60.Na7 Bxb2 61.Kd2 Kd7 62.Nc6 Bf6  0-1

[Event "II Int Open"]
[Site "Morelia MEX"]
[Date "2007.02.17"]
[Round "4"]
[White "Gutierrez Carmona,J"]
[Black "Martin del Campo,R"]
[Result "1/2-1/2"]
[WhiteElo "2171"]
[BlackElo "2455"]

1.e4 c5 2.Nf3 d6 3.d4 cxd4 4.Nxd4 Nf6 5.Nc3 a6 6.g3 e5 7.Nde2 b5 8.Bg2 Bb7
9.O-O Nbd7 10.h3 h5 11.Bg5 Be7 12.a3 Rc8 13.Re1 Qc7 14.Nc1 Qb8 15.Qd2 O-O
16.Nd3 Rc4 17.Bf3 Rfc8 18.Rac1 Qa8 19.Qe3 Bd8 20.Nb4 Bb6 21.Qe2 Rxc3 22.bxc3 Rxc3
23.Kh2 Rxa3 24.c3 a5 25.Nd3 Ra4 26.Nb2 Ra2 27.Qxb5 Bxf2 28.Re2 Bc5 29.Qb3 Ra3
30.Qc2 Ba6 31.Ree1 Qb7 32.Ra1 Rb3 33.Na4 Bc4 34.Reb1 Qb5 35.Nxc5 dxc5 36.Be2 a4
37.Bxc4 Qxc4 38.Rxa4 Qxa4 39.Rxb3 Qc4 40.Bxf6 Nxf6 41.Ra3 h4 42.g4 Qf1 43.c4 Qf4+
44.Kg2 Nxe4 45.Rf3 Qd2+ 46.Qxd2 Nxd2 47.Re3 f6 48.Rc3 Ne4 49.Ra3 Nd6 50.Ra4 Kf7
51.Kf3 Ke6 52.Ra6 Ke7 53.Ra7+ Kf8 54.Ra4  1/2-1/2

[Event "FSGM March"]
[Site "Budapest HUN"]
[Date "2007.03.07"]
[Round "5"]
[White "Boros,De"]
[Black "Varga,Cs2"]
[Result "1/2-1/2"]
[WhiteElo "2502"]
[BlackElo "2342"]

1.e4 c5 2.Nf3 d6 3.d4 cxd4 4.Nxd4 Nf6 5.Nc3 a6 6.g3 Nc6 7.Bg2 Bd7 8.Nb3 b5
9.O-O e6 10.g4 b4 11.Nb1 h6 12.a3 Rb8 13.axb4 Rxb4 14.Re1 Qc8 15.Bd2 Rb6
16.Be3 Rb4 17.Bd2 Rb6 18.h3 Nb4 19.Bc3 e5 20.f4 Be7 21.Qd2 Nc6 22.Na3 Be6
23.Qf2 Rb8 24.Nd2 exf4 25.Nac4 O-O 26.Nb6 Qd8 27.Nd5 Bxd5 28.exd5 Nb4 29.Bxb4 Rxb4
30.b3 Nd7 31.Re4 Rxe4 32.Nxe4 f5 33.gxf5 Rxf5 34.Rxa6 f3 35.Bf1 Rf4 36.Qe3 Bg5
37.Nxg5 Qxg5+ 38.Kh2 Ne5 39.Ra4 f2 40.Qg3 Nf3+ 41.Kg2 Ne1+ 42.Kh2 Nf3+ 43.Kg2 Nh4+
44.Kh2 Nf3+  1/2-1/2

[Event "23rd Open"]
[Site "Cappelle la Grande FRA"]
[Date "2007.03.10"]
[Round "9"]
[White "Landa,K"]
[Black "Shneider,A"]
[Result "1/2-1/2"]
[WhiteElo "2596"]
[BlackElo "2532"]

1.e4 c5 2.Nf3 d6 3.d4 cxd4 4.Nxd4 Nf6 5.Nc3 a6 6.g3 g6 7.Bg2 Bg7 8.O-O O-O
9.b3 Bg4 10.Qd2 Nc6 11.Nxc6 bxc6 12.Bb2 Qa5 13.h3 Be6 14.Rad1 Rfd8 15.Na4 Qxd2
16.Rxd2 Nd7 17.Ba3 Rab8 18.f4 f6 19.Rfd1 Re8 20.Bb2 Nb6 21.Nxb6 Rxb6 22.Rd4 c5
23.Ra4 Bd7 24.Ra5 Bc6 25.Kf2 Bb7 26.g4 Bh6 27.Bc1 e5 28.f5 Bxc1 29.Rxc1 Kg7
30.Bf3 c4 31.bxc4 Rc8 32.c5 dxc5 33.Rd1 Rc7 34.Rd3 Kf7 35.Rc3 Rb5 36.Ra4 Ke7
37.fxg6 hxg6 38.h4 Rd7 39.Rac4 Rb4 40.Ke3 Rxc4 41.Rxc4 Kd6 42.Kf2 Bc6 43.Rc3 Rb7
44.h5 Rg7 45.Rd3+ Kc7 46.Rd1 Be8 47.Rd5 gxh5 48.gxh5 Rh7 49.Rxc5+ Kb6 50.Rd5 Bxh5
51.Rd6+ Kc5 52.Rxf6 Bxf3 53.Kxf3 Rh3+ 54.Kg4 Ra3 55.Kf5 Rxa2 56.Kxe5 a5 57.Rf8 a4
58.Kf6 a3 59.e5 Ra1 60.Ra8 Rf1+ 61.Ke7 Kb4 62.e6 Rc1 63.Rb8+ Kc4 64.Rc8+ Kb4
65.Rb8+ Kc4 66.Ra8 Kb4 67.Kd6 Rxc2 68.Rb8+ Kc3 69.e7 Re2 70.Ra8 Kb2 71.Rb8+ Kc3
72.e8=Q Rxe8 73.Rxe8 a2 74.Ra8 Kb2 75.Rxa2+  1/2-1/2

[Event "TCh-AUT 2006-7"]
[Site "Mattersburg AUT"]
[Date "2007.03.11"]
[Round "11"]
[White "Atlas,V"]
[Black "Babula,V"]
[Result "0-1"]
[WhiteElo "2488"]
[BlackElo "2584"]

1.e4 c5 2.Nf3 d6 3.d4 cxd4 4.Nxd4 Nf6 5.Nc3 a6 6.g3 e5 7.Nb3 Nbd7 8.Bg2 b5
9.O-O Be7 10.a4 b4 11.Na2 a5 12.c3 bxc3 13.Nxc3 Ba6 14.Nb5 O-O 15.Bd2 Bxb5
16.axb5 a4 17.Nc1 Nc5 18.Qe2 Qd7 19.Na2 Nb3 20.Nc3 Nxa1 21.Rxa1 Rfb8 22.Bg5 Ne8
23.Bxe7 Qxe7 24.Rxa4 Rxa4 25.Nxa4 Nc7 26.Nc3 Ne6 27.Qc4 Qb7 28.Bf1 Nd4 29.Qb4 Qc7
30.Bc4 Qc5 31.Qa4 g6 32.Qa2 Kg7 33.Kg2 Rb7 34.b3 Ra7 35.Qd2 Ra3 36.Qb2 Ra8
37.h4 Rc8 38.Na4 Qa7 39.b6 Qd7 40.Nc3 Rb8 41.Nd5 Qg4 42.Qb1 Nf3 43.Be2 Nxh4+
44.Kg1 Qxe2 45.gxh4 Ra8 46.Ne3 Ra6 47.Qc1 h6 48.b7 Rb6 49.Qc7 Qe1+ 50.Kh2 Qb4
51.Nd5 Rxb7 52.Qc6 Qxb3 53.Qxd6 Qf3 54.Qxe5+ f6 55.Qd4 h5 56.e5 Rd7 57.Qf4 Qxd5
58.Qxf6+ Kh7 59.e6 Qd6+ 60.Kg2 Re7  0-1

[Event "Agzamov Mem"]
[Site "Tashkent UZB"]
[Date "2007.03.18"]
[Round "3"]
[White "Filippov,An UZB"]
[Black "Rakhmatullin,K"]
[Result "1/2-1/2"]
[WhiteElo "2486"]
[BlackElo "2335"]

1.e4 c5 2.Nf3 d6 3.d4 cxd4 4.Nxd4 Nf6 5.Nc3 a6 6.g3 e5 7.Nde2 Be7 8.Bg2 Be6
9.h3 b5 10.O-O Nbd7 11.g4 Nb6 12.Ng3 g6 13.Nd5 Nfxd5 14.exd5 Bc8 15.f4 exf4
16.Bxf4 O-O 17.Bh6 Nc4 18.Qd4 Ne5 19.Rae1 Bf6 20.Qf4 Bg7 21.Bxg7 Kxg7 22.Ne4 Re8
23.Nf6 Re7 24.g5 Bf5 25.Qh4 h5 26.gxh6+ Kh8 27.Be4 Bxe4 28.Nxe4 Re8 29.Nf6 Qe7
30.Qf4 Rec8 31.Ng4 Rc4  1/2-1/2

[Event "VIII Dos Hermanas Internet"]
[Site "ICC INT"]
[Date "2007.03.23"]
[Round "1.2"]
[White "Zhang Zhong"]
[Black "Arkell,K"]
[Result "1-0"]
[WhiteElo "2618"]
[BlackElo "2474"]

1.e4 c5 2.Nf3 d6 3.d4 cxd4 4.Nxd4 Nf6 5.Nc3 a6 6.g3 e5 7.Nb3 b6 8.Bg2 Bb7
9.a4 Be7 10.O-O O-O 11.Re1 Nbd7 12.Nd2 Rc8 13.Nf1 Qc7 14.Ne3 Rfe8 15.Nf5 Bf8
16.Bg5 h6 17.Bd2 Kh7 18.Qf3 g6 19.Ne3 Bg7 20.Qe2 Nc5 21.Ned5 Nxd5 22.Nxd5 Bxd5
23.exd5 a5 24.Qb5 e4 25.Re2 Bxb2 26.Qxb2  1-0

[Event "TCh-BEL 2006-7"]
[Site "Belgium BEL"]
[Date "2007.03.25"]
[Round "11"]
[White "Vrenegoor,T"]
[Black "Van Beers,E"]
[Result "1/2-1/2"]
[WhiteElo "2345"]
[BlackElo "2357"]

1.e4 c5 2.Nf3 d6 3.d4 cxd4 4.Nxd4 Nf6 5.Nc3 a6 6.g3 e5 7.Nb3 Nbd7 8.Bg2 b5
9.O-O Bb7 10.a4 b4 11.Nd5 a5 12.Bd2 Nxd5 13.exd5 Be7 14.c3 bxc3 15.Bxc3  1/2-1/2

[Event "Vladimir Zak mem"]
[Site "St Petersburg RUS"]
[Date "2007.03.26"]
[Round "3"]
[White "Eltsov,V"]
[Black "Nugaev,N"]
[Result "0-1"]
[WhiteElo "2111"]
[BlackElo "1868"]

1.e4 c5 2.Nf3 d6 3.d4 cxd4 4.Nxd4 Nf6 5.Nc3 a6 6.g3 b6 7.Bg2 Bb7 8.O-O e6
9.Re1 Qc7 10.Qe2 Nbd7 11.b3 Be7 12.Bb2 O-O 13.Rac1 Rfd8 14.Nd1 Ne5 15.c4 Rac8
16.Nc3 Qb8 17.h3 Ng6 18.Qe3 h5 19.Kh1 h4 20.g4 Ne5 21.f4 Ng6 22.Nf3 d5 23.cxd5 Bc5
24.Qd2 Qxf4 25.Rcd1 Qxd2 26.Rxd2 exd5 27.e5 Ne4 28.Nxe4 dxe4 29.Rxd8+ Rxd8
30.Ng5 Nf4 31.Bxe4 Bxe4+ 32.Nxe4 Rd3 33.Nxc5 Rxh3+ 34.Kg1 bxc5 35.Ba3 Rg3+
36.Kh1 Nd3 37.Re2 Rxg4 38.Re3 Rd4 39.e6 fxe6 40.Rxe6 Rg4 41.Rc6 Nf2+ 42.Kh2 h3  0-1

[Event "Vladimir Zak mem"]
[Site "St Petersburg RUS"]
[Date "2007.03.30"]
[Round "7"]
[White "Eltsov,V"]
[Black "Chernenko,I"]
[Result "0-1"]
[WhiteElo "2111"]
[BlackElo "1734"]

1.e4 c5 2.Nf3 d6 3.d4 cxd4 4.Nxd4 Nf6 5.Nc3 a6 6.g3 g6 7.Bg2 Bg7 8.O-O O-O
9.h3 Qc7 10.Be3 Nc6 11.Qd2 Ne5 12.b3 Bd7 13.Rac1 e6 14.Nce2 Bc6 15.Nxc6 bxc6
16.c4 Rfd8 17.Nc3 c5 18.f4 Nc6 19.Qf2 Rac8 20.e5 dxe5 21.Bxc6 Qxc6 22.fxe5 Nd7
23.Qxf7+ Kh8 24.Qf4 Nxe5 25.Qe4 Nd3 26.Qxc6 Rxc6 27.Rc2 Nb4 28.Rd2 Rxd2 29.Bxd2 Bd4+
30.Kg2 Kg7 31.Re1 e5 32.Re2 Re6 33.Be1 Nd3 34.Ne4 Nxe1+ 35.Rxe1 a5 36.Kf3 Ra6
37.a4 Rb6 38.Rb1 h6 39.Ke2 Kf7 40.Kd3 Ke6 41.g4 Rb7 42.Nd2 Rf7 43.Rf1 Rxf1
44.Nxf1 Kf6 45.Ke4 Kg5 46.Kf3 e4+ 47.Kxe4 Kh4 48.Kf3 Kxh3 49.Nd2 Kh4 50.Kf4 g5+
51.Kf5 h5 52.gxh5 Kxh5 53.Ke4 g4 54.Kf4 Kh4 55.Ne4 Bg1 56.Kf5 Be3 57.Nc3 Kg3
58.Ke4 Bd2 59.Ne2+ Kf2 60.Kd3 Bb4 61.Nf4 g3  0-1

[Event "18th Pobeskydi Arcimpex"]
[Site "Frydek Mistek CZE"]
[Date "2007.04.05"]
[Round "2"]
[White "Klima,L"]
[Black "Rojicek,V"]
[Result "1/2-1/2"]
[WhiteElo "2416"]
[BlackElo "2308"]

1.e4 c5 2.Nf3 d6 3.d4 cxd4 4.Nxd4 Nf6 5.Nc3 a6 6.g3 g6 7.Bg2 Bg7 8.O-O O-O
9.h3 Nc6 10.Nde2 Rb8 11.a4 b5 12.axb5 axb5 13.Be3 b4 14.Nd5 Nd7 15.Ra2 Nc5
16.Nd4 Nxd4 17.Bxd4 Bxd4 18.Qxd4 Be6 19.e5 b3 20.cxb3 Nxb3 21.Qe3 dxe5 22.Rd1 Bxd5
23.Rxd5 Qb6 24.Rxe5 Qxe3 25.Rxe3 e6 26.Ra7  1/2-1/2

[Event "LIII Mexican Open"]
[Site "Aguascalientes MEX"]
[Date "2007.04.06"]
[Round "5"]
[White "Gutierrez Carmona,J"]
[Black "Quezada,Y"]
[Result "0-1"]
[WhiteElo "2171"]
[BlackElo "2515"]

1.e4 c5 2.Nf3 d6 3.d4 cxd4 4.Nxd4 Nf6 5.Nc3 a6 6.g3 e5 7.Nde2 Be7 8.Bg2 Nbd7
9.O-O b5 10.h3 Bb7 11.g4 b4 12.Nd5 Nxd5 13.exd5 O-O 14.Ng3 Re8 15.a3 a5 16.Be3 Ba6
17.Re1 Qb8 18.Nf5 Bf8 19.g5 Bc8 20.Be4 g6 21.Ng3 Bg7 22.Kh2 f5 23.gxf6 Nxf6
24.Bd3 Bd7 25.axb4 Qxb4 26.c4 e4 27.Be2 Qxb2 28.Bd4 Ng4+ 29.hxg4 Qxd4 30.Qxd4 Bxd4
31.Ra2 Bxf2  0-1

[Event "9th Open"]
[Site "Foxwoods USA"]
[Date "2007.04.06"]
[Round "5"]
[White "Ivanov,AV USA"]
[Black "Sarkar,J"]
[Result "0-1"]
[WhiteElo "2565"]
[BlackElo "2418"]

1.e4 c5 2.Nf3 d6 3.d4 Nf6 4.Nc3 cxd4 5.Nxd4 a6 6.g3 e5 7.Nb3 Nbd7 8.a4 b6
9.Bg2 Bb7 10.O-O Rc8 11.Re1 Be7 12.Nd2 Rc5 13.Nf1 Qa8 14.Bd2 O-O 15.Ne3 Rfc8
16.Nf5 Bf8 17.Qe2 g6 18.Nh6+ Kg7 19.Qf3 d5 20.Nxd5 Rxd5 21.exd5 Bxd5 22.Qb3 Bxg2
23.Qxf7+ Kh8 24.Qe6 Re8 25.Qb3 Qd5 26.Qxd5 Bxd5 27.h3 Rc8 28.c3 Kg7 29.g4 Ne4
30.Be3 Bc5 31.Rad1 Bc6 32.g5 Bxe3 33.Rxe3 Nxg5 34.Ng4 h5 35.Nh2 Bxa4 36.Ra1 Bb5
37.b3 a5 38.c4 Bc6 39.b4 axb4 40.Ra7 Kf6 41.h4 Ne6 42.Rb3 Ra8 43.Rxa8 Bxa8
44.Rxb4 Nd4 45.Ra4 Bc6 46.Ra7 Ke6 47.Rc7 Kd6  0-1

[Event "8th ch-Euro"]
[Site "Dresden GER"]
[Date "2007.04.07"]
[Round "5"]
[White "Boros,De"]
[Black "Becker,Mart"]
[Result "1/2-1/2"]
[WhiteElo "2502"]
[BlackElo "2332"]

1.e4 c5 2.Nf3 d6 3.d4 cxd4 4.Nxd4 Nf6 5.Nc3 a6 6.g3 e5 7.Nb3 Nbd7 8.a4 b6
9.Bg2 Bb7 10.O-O Rc8 11.Re1 Be7 12.Nd2 Rc5 13.Nf1 Qa8 14.Qd3 O-O 15.Ne3 Rfc8
16.Bd2 Bf8 17.Ncd5 Nxd5 18.exd5 g6 19.b4 R5c7 20.c4 Bg7 21.g4 a5 22.Qb3 Ba6
23.bxa5 bxa5 24.Bxa5 Bxc4 25.Qb4  1/2-1/2

[Event "Abierto"]
[Site "Berazategui ARG"]
[Date "2007.04.21"]
[Round "5"]
[White "Dos Santos,R"]
[Black "Mayorga,N"]
[Result "1/2-1/2"]
[WhiteElo "2393"]
[BlackElo "2252"]

1.e4 c5 2.Nf3 d6 3.d4 cxd4 4.Nxd4 Nf6 5.Nc3 a6 6.g3 e5 7.Nb3 Be7 8.Bg2 Be6
9.O-O Nbd7 10.Re1 b5 11.Nd5 Nxd5 12.exd5 Bf5 13.c3 O-O 14.f4 Bg6 15.h3 Re8
16.Kh2 Bf6 17.a4 h5 18.axb5 axb5 19.Rxa8 Qxa8 20.Bf1 h4 21.g4 exf4 22.Rxe8+ Qxe8
23.Bxf4 Qe4 24.Qd2 Be5 25.Bxe5 Nxe5 26.Nd4 Qxd5 27.Qg5 f6 28.Qxh4 Nf3+ 29.Nxf3 Qxf3
30.Bg2 Qe2 31.Qg3 Be4 32.Kg1 d5 33.Qf2 Qd1+  1/2-1/2

[Event "XX Open"]
[Site "Benidorm ESP"]
[Date "2007.04.23"]
[Round "1"]
[White "Cucarella Montell,A"]
[Black "Arizmendi Martinez,J"]
[Result "0-1"]
[WhiteElo "1922"]
[BlackElo "2525"]

1.e4 c5 2.Nf3 d6 3.d4 cxd4 4.Nxd4 Nf6 5.Nc3 a6 6.g3 Nc6 7.Bg2 Bg4 8.Nde2 Bd7
9.a4 e6 10.O-O Be7 11.h3 Rb8 12.g4 h6 13.Be3 b5 14.axb5 axb5 15.f4 b4 16.Na4 e5
17.f5 Na5 18.b3 Bc6 19.Qd3 O-O 20.Rfd1 Qc7 21.g5 Bb5 22.Qd2 hxg5 23.Bxg5 Rfc8
24.Ra2 Ra8 25.Ng3 Bxa4 26.bxa4 Nc4 27.Qxb4 Ng4 28.hxg4 Bxg5 29.Nf1 Qa7+ 30.Kh1 Rab8
31.Qe1 g6 32.Rd3 Kg7 33.Rh3 Rh8 34.Qg3 Rxh3+ 35.Bxh3 Rb1 36.Kg2 Ne3+ 37.Nxe3 Bxe3
38.Qh4 Rg1+ 39.Kf3 Qd4 40.f6+ Kg8 41.c4 Qd3 42.Rb2 Bd4+  0-1

[Event "XX Open"]
[Site "Benidorm ESP"]
[Date "2007.04.24"]
[Round "3"]
[White "Eggleston,D"]
[Black "Gomez Manzano,F"]
[Result "1-0"]
[WhiteElo "2300"]
[BlackElo "1943"]

1.e4 c5 2.Nf3 d6 3.d4 cxd4 4.Nxd4 Nf6 5.Nc3 a6 6.g3 Nc6 7.Bg2 g6 8.Nxc6 bxc6
9.e5 Nd5 10.Nxd5 cxd5 11.Qxd5 Rb8 12.exd6 exd6 13.O-O Bg7 14.Qc6+ Kf8 15.Bg5 Qb6
16.Rfe1 Be6 17.Qf3 Qxb2 18.Rad1 Be5 19.Rxe5 dxe5 20.Qf6 Rg8  1-0

[Event "50th TCh-SRB Cup"]
[Site "Mataruska Banja SRB"]
[Date "2007.05.21"]
[Round "1"]
[White "Popovic,Al"]
[Black "Popovic,Du"]
[Result "0-1"]
[WhiteElo "2045"]
[BlackElo "2557"]

1.e4 c5 2.Nf3 d6 3.d4 cxd4 4.Nxd4 Nf6 5.Nc3 a6 6.g3 e5 7.Nde2 Be7 8.Bg2 O-O
9.O-O b5 10.h3 Nbd7 11.g4 b4 12.Nd5 Nxd5 13.exd5 a5 14.a3 Ba6 15.axb4 axb4
16.Bd2 Qc7 17.Re1 Bxe2 18.Rxe2 Rxa1 19.Qxa1 Qxc2 20.Qe1 b3 21.Bc3 Qd3 22.Re3 Qb5
23.Re4 Nc5 24.Rb4 Qd3 25.f4 Qc2 26.Be4 Nxe4 27.Rxe4 Bh4 28.Qe2 exf4 29.Kg2 f5
30.gxf5 Rxf5 31.Kf3 Qxe2+ 32.Rxe2 Kf7 33.Re4 g5 34.Rb4 Rxd5 35.Ke4 Ke6 36.Rxb3 Rd1
37.Rb7 d5+ 38.Kf3 Rd3+ 39.Ke2 Re3+ 40.Kd1 d4  0-1

[Event "3rd UKR Games Men"]
[Site "Evpatoria UKR"]
[Date "2007.05.22"]
[Round "2"]
[White "Sharapov,E"]
[Black "Zherebukh,Y"]
[Result "1/2-1/2"]
[WhiteElo "2428"]
[BlackElo "2365"]

1.e4 c5 2.Nf3 d6 3.d4 cxd4 4.Nxd4 Nf6 5.Nc3 a6 6.g3 e6 7.Bg2 Qc7 8.O-O Be7
9.a4 Nc6 10.Kh1 O-O 11.f4 Bd7 12.Nb3 Rfd8 13.g4 d5 14.exd5 Nxd5 15.Nxd5 exd5
16.f5 Bd6 17.h3 Be5 18.c3 d4 19.cxd4 Nxd4 20.Nxd4 Bc6 21.Be3 Bxg2+ 22.Kxg2 Qb6
23.Qb3 Qxb3 24.Nxb3 Rd3 25.Bd4 Bxd4 26.Nxd4 Rxd4 27.b3 Rad8 28.Rae1 Kf8  1/2-1/2

[Event "50th TCh-SRB Cup"]
[Site "Mataruska Banja SRB"]
[Date "2007.05.23"]
[Round "3"]
[White "Savicevic,V"]
[Black "Maksimenko,A"]
[Result "1/2-1/2"]
[WhiteElo "2325"]
[BlackElo "2514"]

1.e4 c5 2.Nf3 d6 3.d4 cxd4 4.Nxd4 Nf6 5.Nc3 a6 6.g3 e5 7.Nde2 Nbd7 8.a4 b6
9.Bg2 Bb7 10.h3 Rc8 11.O-O Be7 12.g4 Nc5 13.Ng3 g6 14.f4 exf4 15.Bxf4 O-O
16.Bh6 Re8 17.Qd2 Nfd7 18.Nd5 Bxd5 19.exd5 Ne5 20.Ne2 Bf8  1/2-1/2

[Event "50th TCh-SRB Cup"]
[Site "Mataruska Banja SRB"]
[Date "2007.05.26"]
[Round "6"]
[White "Rajkovic,Ljubi"]
[Black "Bogic,S"]
[Result "1/2-1/2"]
[WhiteElo "2196"]
[BlackElo "2270"]

1.e4 c5 2.Nf3 d6 3.d4 cxd4 4.Nxd4 Nf6 5.Nc3 a6 6.g3 e5 7.Nde2 Nbd7 8.Bg2 b5
9.O-O Bb7 10.h3 Be7 11.Be3 Rc8 12.a3 Nc5 13.f3 O-O 14.Qe1 Qc7 15.Rd1 Rfd8
16.Qf2 Qb8 17.g4 Qa8 18.g5 Nfd7 19.Ng3 g6 20.h4 Ne6 21.Bh3 Rc4 22.Kh2  1/2-1/2

[Event "Doroshkevich Mem"]
[Site "Belorechensk RUS"]
[Date "2007.05.31"]
[Round "3"]
[White "Kruchev,B"]
[Black "Panarin,M"]
[Result "0-1"]
[WhiteElo "2283"]
[BlackElo "2528"]

1.e4 c5 2.Nf3 d6 3.d4 cxd4 4.Nxd4 Nf6 5.Nc3 a6 6.g3 e5 7.Nde2 Be7 8.Bg2 O-O
9.O-O b5 10.h3 Bb7 11.g4 b4 12.Nd5 Nxd5 13.exd5 Nd7 14.a3 a5 15.axb4 axb4
16.Bd2 Qb6 17.Ng3 g6 18.Be3 Qb5 19.Qd2 Nb6 20.Rxa8 Rxa8 21.Rd1 Nc4 22.Qe2 Ra5
23.b3 Nxe3 24.Qxe3 Qc5 25.Qd2 Ra2 26.Be4 Kg7 27.Kg2 h6 28.f4 exf4 29.Qxf4 Bf6
30.Ne2 Ra1 31.Rxa1 Bxa1 32.Qd2 Be5 33.Qd3 Qa5 34.Qd2 Ba6 35.Bf3 Qa2 36.Be4 Qb2
37.Bd3 Bb7 38.Be4 Qa3 39.Nd4 Qa1 40.Ne2 Qa5 41.Bf3 Qc5 42.Qd3 Bc8 43.Be4 Bd7
44.Qf3 Qc8 45.Bd3 Qd8 46.Qe4 Qh4 47.Qxb4 h5 48.Qb7 hxg4 49.Qxd7 Qxh3+ 50.Kg1 Bh2+
51.Kh1 Bg3+  0-1

[Event "11th Master Open"]
[Site "Voronezh RUS"]
[Date "2007.06.20"]
[Round "8"]
[White "Rodin,D"]
[Black "Okrugin,S"]
[Result "1/2-1/2"]
[WhiteElo "2442"]
[BlackElo "2355"]

1.e4 c5 2.Nf3 d6 3.d4 cxd4 4.Nxd4 Nf6 5.Nc3 a6 6.g3 e6 7.Bg2 Qc7 8.O-O Nc6
9.Re1 Nxd4 10.Qxd4 Be7 11.Be3 Bd7 12.Na4 e5 13.Qb4 d5 14.Bc5 Bxa4 15.Bxe7 Qxe7
16.Qxa4+ b5 17.Qa5 d4 18.a4 b4 19.c3 bxc3 20.bxc3 dxc3 21.Rac1 O-O 22.Rxc3 h6
23.h3 Qd6 24.Rec1 Rfe8 25.Rc6 Qd4 26.R6c4 Qd6 27.Qc3 h5 28.a5 Ra7 29.Qe3 Ree7
30.Rc6 Qd7 31.Qg5 Re6 32.Rc8+ Kh7 33.R8c5 Qd6 34.Rc6 Qa3 35.Rxe6 fxe6 36.Rc6 Qxa5
37.Rxe6 Qe1+ 38.Kh2 Qxf2 39.Rxe5 Rc7 40.Qf5+ Qxf5 41.Rxf5 Rc4 42.e5 Rc5 43.Bf1 Nd7
44.Rxh5+ Kg6 45.Rh8 Nxe5 46.Bxa6 Rc2+ 47.Kg1 Nf3+ 48.Kf1 Nh2+ 49.Ke1 Nf3+
50.Kd1 Rd2+ 51.Kc1 Rg2 52.g4 Nd4 53.Rh5 Kf6 54.Kd1 g5 55.Bb7 Rh2 56.Rh7 Ne2
57.Ke1  1/2-1/2

[Event "Narciso Yepes Mem"]
[Site "Lorca ESP"]
[Date "2007.06.25"]
[Round "2"]
[White "Tudela Corbalan,C"]
[Black "Movsziszian,K"]
[Result "0-1"]
[WhiteElo "2196"]
[BlackElo "2494"]

1.e4 c5 2.Nf3 d6 3.d4 cxd4 4.Nxd4 Nf6 5.Nc3 a6 6.g3 e5 7.Nb3 Be7 8.Bg2 O-O
9.a4 Bg4 10.Qd3 Nc6 11.Be3 Nb4 12.Qd2 Rc8 13.Rc1 Qd7 14.O-O h6 15.a5 Rc4
16.f3 Be6 17.Rfd1 Rd8 18.Bf1 Rc6 19.Na4 Nxc2 20.Nb6 Rxb6 21.Bxb6 Bxb3 22.Qd3 Qa4
23.Be2 Nd7 24.Bf2 Nc5 25.Qc3 Rc8 26.Bxc5 Rxc5 27.Qd2 Nd4  0-1

[Event "Narciso Yepes Mem"]
[Site "Lorca ESP"]
[Date "2007.06.26"]
[Round "4"]
[White "Cabrera,Al"]
[Black "Tello Nunez,A"]
[Result "1-0"]
[WhiteElo "2514"]
[BlackElo "2204"]

1.e4 c5 2.Nf3 d6 3.d4 cxd4 4.Nxd4 Nf6 5.Nc3 a6 6.g3 e5 7.Nb3 Be7 8.Bg2 b5
9.a4 bxa4 10.Rxa4 Nbd7 11.O-O O-O 12.Be3 Qc7 13.Qd3 Nb6 14.Rb4 Rb8 15.Ra1 Be6
16.Rxb6 Rxb6 17.Bxb6 Qxb6 18.Rxa6 Qb4 19.Bf1 Bxb3 20.cxb3 Qxb3 21.Nd5 Qb7
22.Qb5 Qxb5 23.Nxe7+ Kh8 24.Bxb5 Nxe4 25.Bd3 Nc5 26.Rxd6  1-0

[Event "IM"]
[Site "Antwerp BEL"]
[Date "2007.07.04"]
[Round "5"]
[White "Dutreeuw,M"]
[Black "Miroshnichenko,E"]
[Result "0-1"]
[WhiteElo "2401"]
[BlackElo "2646"]

1.e4 c5 2.Nf3 d6 3.d4 cxd4 4.Nxd4 Nf6 5.Nc3 a6 6.g3 e5 7.Nf3 Be7 8.Bg2 O-O
9.O-O Nbd7 10.Nh4 g6 11.Bh6 Re8 12.h3 Nb6 13.Qd2 Nc4 14.Qc1 Kh8 15.Nf3 b5
16.Rd1 Qc7 17.Bg5 Bb7 18.Bxf6+ Bxf6 19.Nd5 Bxd5 20.Rxd5 Rad8 21.c3 Nb6 22.Rd1 Bg7
23.Ne1 f5 24.exf5 gxf5 25.Qg5 Qf7 26.Nc2 d5 27.Kh1 Rd6 28.Ne3 Rf8 29.g4 fxg4
30.Nxg4 Rg6 31.Qh5 Qf4 32.Rf1 Rg5 33.Qh4 h5 34.f3 Nc4 35.Rae1 Nd6 36.Rd1 Nf5  0-1

[Event "Spring A"]
[Site "Volodarskij RUS"]
[Date "2007.07.07"]
[Round "14"]
[White "Zargarian,R"]
[Black "Nikolaenko,V"]
[Result "1-0"]
[WhiteElo "2302"]
[BlackElo "2188"]

1.e4 c5 2.Nf3 d6 3.d4 cxd4 4.Nxd4 Nf6 5.Nc3 a6 6.g3 e6 7.Bg2 Be7 8.O-O Bd7
9.Be3 Nc6 10.Qe2 O-O 11.h3 Qc7 12.f4 b5 13.a3 Nxd4 14.Bxd4 Rab8 15.e5 Ne8
16.b4 Bc6 17.Ne4 Bd5 18.Rf2 Rc8 19.Re1 Qc6 20.h4 Qd7 21.c3 Bc4 22.Qh5 f5
23.Ng5 h6 24.Nf3 Bd5 25.g4 Nc7 26.exd6 Bxd6 27.Ne5 Bxe5 28.Rxe5 Bxg2 29.Rxg2 Nd5
30.Rxd5 Qxd5 31.g5 e5 32.gxh6 Qxg2+ 33.Kxg2 exd4 34.Qg6 Rc7 35.cxd4 Rf6 36.Qe8+ Kh7
37.hxg7 Rxg7+ 38.Kf3 Rfg6 39.d5 Rg3+ 40.Kf2 Rxa3 41.Qh5+ Kg8 42.Qxf5 Rgg3
43.d6 Rgb3 44.Qe6+ Kg7 45.Qe5+ Kf7 46.Qe7+ Kg6 47.Qe6+ Kg7 48.d7  1-0

[Event "Ladoga Summer"]
[Site "Novaya Ladoga RUS"]
[Date "2007.07.09"]
[Round "5"]
[White "Shkuran,D"]
[Black "Smirnov,Vl2"]
[Result "1-0"]
[WhiteElo "2420"]
[BlackElo "2251"]

1.e4 c5 2.Nf3 d6 3.d4 cxd4 4.Nxd4 Nf6 5.Nc3 a6 6.g3 Bg4 7.f3 Bd7 8.Be3 Nc6
9.Qd2 e6 10.O-O-O b5 11.g4 h6 12.h4 b4 13.Nce2 Ne5 14.Ng3 Qc7 15.Qe2 g6 16.Kb1 Nc6
17.Nxc6 Qxc6 18.Bg2 Qb5 19.Qd2 Bc6 20.Ne2 e5 21.Ng3 O-O-O 22.c4 Qb7 23.h5 g5
24.Nf5 Ne8 25.Bf2 f6 26.Ne3 Nc7 27.Nd5 Nxd5 28.cxd5 Bb5 29.Rc1+ Kb8 30.Bf1 Rc8
31.Bxb5 Qxb5 32.Rxc8+ Kxc8 33.Rc1+ Kd7 34.Qc2 Qb7 35.Bb6  1-0

[Event "New Jersey Futurity"]
[Site "Parsippany USA"]
[Date "2007.07.09"]
[Round "4"]
[White "Simutowe,A"]
[Black "Bartell,T"]
[Result "1-0"]
[WhiteElo "2421"]
[BlackElo "2398"]

1.e4 c5 2.Nf3 d6 3.d4 cxd4 4.Nxd4 Nf6 5.Nc3 a6 6.g3 e5 7.Nb3 Be7 8.Bg2 O-O
9.O-O Nbd7 10.a4 b6 11.f4 Bb7 12.g4 exf4 13.Bxf4 Ne5 14.h3 b5 15.axb5 axb5
16.Rxa8 Qxa8 17.Qd4 Ng6 18.Bg3 b4 19.Nd5 Bxd5 20.exd5 Rc8 21.Ra1 Qb8 22.Qd2 Ne5
23.Nd4 Nfd7 24.Ra4 Rc4 25.b3 Rc3 26.Be1 Nc5 27.Rxb4 Qxb4 28.Qxc3 Qxc3 29.Bxc3 g6
30.Ba5 Nb7 31.Bc7 Kf8 32.Bf1 Bd8 33.Bxd8 Nxd8 34.Bb5 Ke7 35.Kf2 f6 36.Ke3 Ndf7
37.b4 Ng5 38.Bf1 Nd7 39.Nc6+ Kf8 40.c4 Nf7 41.Kd4 Nfe5 42.Be2 Ke8 43.Na7 f5
44.gxf5 gxf5 45.Nc8  1-0

[Event "FSIMB July"]
[Site "Budapest HUN"]
[Date "2007.07.11"]
[Round "5"]
[White "Nagy,Ben"]
[Black "Gauri,S"]
[Result "1-0"]
[WhiteElo "2318"]
[BlackElo "2177"]

1.e4 c5 2.Nf3 d6 3.Nc3 Nf6 4.d4 cxd4 5.Nxd4 a6 6.g3 b5 7.Bg2 Bb7 8.O-O e6
9.Re1 Qc7 10.a4 bxa4 11.Rxa4 Be7 12.Rb4 Nfd7 13.Qg4 g6 14.Bh6 Nc6 15.Rxb7 Qxb7
16.e5 Ncxe5 17.Qd1 Qa7 18.Be3 Qb8 19.f4 Nc4 20.Bf2 Bf6 21.Qe2 Ncb6 22.Bxa8 Nxa8
23.Nxe6 fxe6 24.Qxe6+ Kd8 25.Nd5 Nc7 26.Qxd6 Nxd5 27.Qxd5 Re8 28.Qa5+ Nb6
29.Bxb6+ Kd7 30.Qd5+  1-0

[Event "22nd North Sea Cup"]
[Site "Esbjerg DEN"]
[Date "2007.07.18"]
[Round "8"]
[White "Skovgaard,Pe2"]
[Black "Hansen,ReR"]
[Result "1-0"]
[WhiteElo "2251"]
[BlackElo "2035"]

1.e4 c5 2.Nf3 d6 3.d4 cxd4 4.Nxd4 Nf6 5.Nc3 a6 6.g3 e5 7.Nde2 Be7 8.Bg2 O-O
9.O-O b5 10.a4 b4 11.Na2 Nc6 12.c3 Rb8 13.c4 Nd7 14.b3 Nc5 15.Be3 Be6 16.Nac1 Qc8
17.Ra2 Kh8 18.Rd2 Qc7 19.h3 Na5 20.g4 Bc8 21.f4 f6 22.f5 Bb7 23.Ng3 Bc6 24.h4 Qb7
25.g5 Be8 26.g6 hxg6 27.fxg6 Bxg6 28.Bxc5 dxc5 29.Rd7 Rbd8 30.Rxb7  1-0